[Event "C.to Italiano Qualificazione"]
[Site "Saint Vincent - Chatillon ITA"]
[Date "2008.07.25"]
[Round "7"]
[White "Crea, Vincenzo"]
[Black "Chiarotto, Filippo"]
[Result "1-0"]
[WhiteElo "2030"]
[BlackElo "2096"]
[PlyCount "78"]
[EventDate "2008.07.19"]

1. d4 Nf6 2. Nf3 e6 3. Bf4 Nc6 4. e3 d6 5. h3 g6 6. Be2 Bg7 7. O-O O-O 8. c4
Qe7 9. Nc3 h6 10. Bh2 Bd7 11. a3 a6 12. Re1 Rae8 13. b4 Nh7 14. Rc1 Nb8 15. a4
f5 16. b5 g5 17. Nd2 Nf6 18. c5 e5 19. cxd6 cxd6 20. Nc4 f4 21. dxe5 dxe5 22.
Qd6 Kh8 23. e4 g4 24. hxg4 Bxg4 25. Bxg4 Nxg4 26. Qxe7 Rxe7 27. Nd5 Ref7 28. f3
Nxh2 29. Kxh2 Rd8 30. Red1 Rfd7 31. Ncb6 Rf7 32. Rc3 Kh7 33. Rdc1 Kg6 34. Rc7
Nd7 35. Rxb7 Nxb6 36. Rxb6+ Kh5 37. Rxa6 Rg8 38. Rc7 Rxc7 39. Nxc7 Rd8 1-0

[Event "C.to Italiano Qualificazione"]
[Site "Saint Vincent - Chatillon ITA"]
[Date "2008.07.25"]
[Round "7"]
[White "De Nardi, Riccardo"]
[Black "Cardili, Mariano"]
[Result "1/2-1/2"]
[WhiteElo "1982"]
[BlackElo "2100"]
[PlyCount "94"]
[EventDate "2008.07.19"]

1. e4 c6 2. d4 d5 3. Nc3 dxe4 4. Nxe4 Bf5 5. Ng3 Bg6 6. Bc4 e6 7. N1e2 Bd6 8.
O-O Qc7 9. f4 Ne7 10. Bd3 Nd7 11. c4 Rd8 12. Bxg6 hxg6 13. Qa4 b6 14. b4 Qb7
15. Ne4 Nf6 16. Nxd6+ Rxd6 17. b5 cxb5 18. Qxb5+ Qc6 19. a4 Rh5 20. Qb3 Rd7 21.
Ng3 Rh4 22. Bb2 Nh5 23. Nxh5 Rxh5 24. Rfe1 Nf5 25. Rad1 Rh4 26. g3 Rh3 27. d5
Qc5+ 28. Kg2 Rh6 29. Ba3 Qc7 30. dxe6 Qc6+ 31. Kg1 fxe6 32. Qb4 Rh8 33. Qb5
Qxb5 34. axb5 Nd4 35. Kg2 Kf7 36. Bb2 Rhd8 37. Bxd4 Rxd4 38. Ra1 R4d7 39. Kf3
Kf6 40. Ke4 Rc7 41. Ra4 Rc5 42. h4 Rc7 43. g4 Ke7 44. Ke5 Rc5+ 45. Ke4 Rc7 46.
Ke5 Rc5+ 47. Ke4 Rc7 1/2-1/2

[Event "C.to Italiano Qualificazione"]
[Site "Saint Vincent - Chatillon ITA"]
[Date "2008.07.25"]
[Round "7"]
[White "Innocenti, Luca"]
[Black "Malano, Francesco"]
[Result "1-0"]
[WhiteElo "2071"]
[BlackElo "1898"]
[PlyCount "93"]
[EventDate "2008.07.19"]

1. c4 Nf6 2. Nc3 e6 3. e4 d5 4. e5 d4 5. exf6 dxc3 6. bxc3 Qxf6 7. d4 Be7 8.
Nf3 h6 9. Bd3 O-O 10. O-O Nd7 11. Re1 Re8 12. Ne5 Bf8 13. Ng4 Qd8 14. Qe2 Nf6
15. Ne5 c5 16. Be3 b6 17. Rad1 cxd4 18. cxd4 Bb7 19. f3 Rc8 20. Bb1 Qe7 21. g4
Nd7 22. Qd3 g6 23. Bf2 Nxe5 24. Rxe5 Bg7 25. Ree1 Ba6 26. Rc1 Red8 27. h4 Qf6
28. Kg2 Bb7 29. h5 g5 30. Qh7+ Kf8 31. Be4 Rd7 32. Bxb7 Rxb7 33. Bg3 Qxd4 34.
Red1 Qf6 35. Bd6+ Re7 36. Qd3 Kg8 37. Bxe7 Qxe7 38. Qd7 Rc7 39. Qxe7 Rxe7 40.
Rd8+ Kh7 41. Rcd1 a5 42. R1d7 Bf6 43. Rxe7 Bxe7 44. Rd7 Bc5 45. Rxf7+ Kg8 46.
Rd7 Bf8 47. Kf1 1-0

[Event "C.to Italiano Qualificazione"]
[Site "Saint Vincent - Chatillon ITA"]
[Date "2008.07.25"]
[Round "7"]
[White "Marguerettaz, Davy"]
[Black "Pegoraro, Nicola"]
[Result "1/2-1/2"]
[WhiteElo "1987"]
[BlackElo "2021"]
[PlyCount "64"]
[EventDate "2008.07.19"]

1. d4 e6 2. e4 c5 3. c3 d5 4. e5 Nc6 5. Nf3 cxd4 6. cxd4 Qb6 7. Nc3 Bd7 8. Be2
Nge7 9. O-O Nf5 10. Na4 Qd8 11. a3 Be7 12. b4 b6 13. Bb2 O-O 14. Rc1 a5 15. b5
Na7 16. Qb3 Rc8 17. Rxc8 Bxc8 18. Rc1 Bd7 19. Qc2 Bxb5 20. Bxb5 Nxb5 21. Qb3
Na7 22. Nxb6 Qb8 23. Bc3 a4 24. Qb2 Bxa3 25. Qxa3 Qxb6 26. Qxa4 Rc8 27. Bb2
Rxc1+ 28. Bxc1 Qc6 29. Qxc6 Nxc6 30. Kf1 f6 31. Ke2 fxe5 32. dxe5 Kf7 1/2-1/2

[Event "C.to Italiano Qualificazione"]
[Site "Saint Vincent - Chatillon ITA"]
[Date "2008.07.25"]
[Round "7"]
[White "Rotoni, Matteo"]
[Black "Rorato, Renzo"]
[Result "1-0"]
[WhiteElo "2089"]
[BlackElo "2078"]
[PlyCount "79"]
[EventDate "2008.07.19"]

1. e4 c5 2. c3 Nf6 3. e5 Nd5 4. d4 cxd4 5. cxd4 e6 6. Nc3 Nxc3 7. bxc3 Qc7 8.
Bd2 d6 9. f4 b6 10. Bd3 Bb7 11. Nf3 Nd7 12. O-O g6 13. Qe2 Be7 14. Rae1 O-O 15.
Qf2 Rfe8 16. Qg3 Bd5 17. f5 exf5 18. Bxf5 Kh8 19. Be4 Bxe4 20. Rxe4 dxe5 21.
Nxe5 Nxe5 22. Qxe5+ Qxe5 23. Rxe5 f6 24. Re6 Kg8 25. Rfe1 Kf7 26. d5 Bc5+ 27.
Kf1 Rxe6 28. Rxe6 Rc8 29. Ke2 Re8 30. Rxe8 Kxe8 31. c4 Kd7 32. Bf4 Bd6 33. Bxd6
Kxd6 34. a4 Kc5 35. Ke3 a6 36. Ke4 b5 37. cxb5 axb5 38. a5 f5+ 39. Ke5 b4 40.
d6 1-0

[Event "C.to Italiano Qualificazione"]
[Site "Saint Vincent - Chatillon ITA"]
[Date "2008.07.26"]
[Round "8"]
[White "Barletta, Antonio"]
[Black "Innocenti, Luca"]
[Result "1/2-1/2"]
[WhiteElo "2032"]
[BlackElo "2071"]
[PlyCount "29"]
[EventDate "2008.07.19"]

1. e4 e6 2. Nf3 b6 3. d3 Bb7 4. Nbd2 g6 5. g3 Bg7 6. Bg2 Ne7 7. O-O d6 8. c3
O-O 9. Re1 Nd7 10. d4 e5 11. Nc4 h6 12. Nh4 exd4 13. cxd4 d5 14. exd5 Bxd5 15.
Ne5 1/2-1/2

[Event "C.to Italiano Qualificazione"]
[Site "Saint Vincent - Chatillon ITA"]
[Date "2008.07.26"]
[Round "8"]
[White "Cardili, Mariano"]
[Black "Castellano, Alfonso"]
[Result "1/2-1/2"]
[WhiteElo "2100"]
[BlackElo "1926"]
[PlyCount "43"]
[EventDate "2008.07.19"]

1. d4 d5 2. c4 e6 3. Nc3 Nf6 4. Bg5 Be7 5. Nf3 O-O 6. e3 h6 7. Bh4 b6 8. cxd5
exd5 9. Bd3 Bb7 10. O-O Nbd7 11. Rc1 c5 12. Qe2 Ne4 13. Bxe7 Qxe7 14. Rfd1 Rfd8
15. Ba6 Bc6 16. Bb5 Bb7 17. dxc5 Nxc3 18. Rxc3 bxc5 19. Ba6 Bxa6 20. Qxa6 Nf6
21. Rcd3 Rab8 22. Qa3 1/2-1/2

[Event "C.to Italiano Qualificazione"]
[Site "Saint Vincent - Chatillon ITA"]
[Date "2008.07.26"]
[Round "8"]
[White "De Francisci, Luigi"]
[Black "Cavatorta, Fosco"]
[Result "1-0"]
[WhiteElo "1949"]
[BlackElo "1921"]
[PlyCount "119"]
[EventDate "2008.07.19"]

1. d4 d6 2. e4 Nf6 3. Nc3 Nbd7 4. Nf3 e5 5. Bc4 h6 6. Be3 Be7 7. Qd2 c6 8. Bd3
Qc7 9. Ne2 c5 10. c3 c4 11. Bc2 Nf8 12. h3 Ne6 13. Ng3 g5 14. dxe5 dxe5 15.
Ba4+ Kf8 16. Bc2 Nf4 17. Bxf4 gxf4 18. Nf5 Bc5 19. O-O-O Be6 20. g3 Bxf5 21.
exf5 fxg3 22. fxg3 Kg7 23. Qe2 Rhe8 24. g4 Nh7 25. h4 e4 26. Nd4 Bxd4 27. Rxd4
Qf4+ 28. Kb1 Qf3 29. Qxf3 exf3 30. Rf1 Re3 31. Re4 Re8 32. Rxe8 Rxe8 33. Bd1 f2
34. Rxf2 Re1 35. Kc2 Nf6 36. Bf3 Rg1 37. Bxb7 Rxg4 38. Rg2 Rxg2+ 39. Bxg2 Ng4
40. Kd2 Kf6 41. Bd5 Ne5 42. Be4 Ng4 43. Bd5 Ne5 44. Be4 Ng4 45. Ke2 Ke5 46. Bc2
Kf4 47. b4 Ne3 48. Bb1 Nd5 49. Kd2 Kg3 50. a4 Kxh4 51. Ba2 Nb6 52. a5 Nc8 53.
Bxc4 Nd6 54. Bd3 Kg4 55. b5 Nb7 56. a6 Nc5 57. b6 Nxa6 58. bxa7 Nc7 59. Be4 h5
60. c4 1-0

[Event "C.to Italiano Qualificazione"]
[Site "Saint Vincent - Chatillon ITA"]
[Date "2008.07.26"]
[Round "8"]
[White "De Nardi, Riccardo"]
[Black "Caresana, Alessandro"]
[Result "1-0"]
[WhiteElo "1982"]
[BlackElo "2043"]
[PlyCount "55"]
[EventDate "2008.07.19"]

1. e4 e5 2. Nf3 Nc6 3. Bc4 Nf6 4. Ng5 d5 5. exd5 Na5 6. Bb5+ c6 7. dxc6 bxc6 8.
Be2 h6 9. Nf3 e4 10. Ne5 Bd6 11. d4 exd3 12. Nxd3 Qc7 13. h3 O-O 14. O-O Nc4
15. b3 Ne5 16. Bb2 Rd8 17. Nxe5 Bxh3 18. Nd3 Ne4 19. gxh3 Ng5 20. Kg2 Nxh3 21.
Kxh3 Bh2 22. Nd2 Rd5 23. f4 Re8 24. Kxh2 Re3 25. Nc4 Re6 26. Nce5 Qe7 27. Qe1
f6 28. Bg4 1-0

[Event "C.to Italiano Qualificazione"]
[Site "Saint Vincent - Chatillon ITA"]
[Date "2008.07.26"]
[Round "8"]
[White "Parodi, Alessandro"]
[Black "Rotoni, Matteo"]
[Result "1-0"]
[WhiteElo "2053"]
[BlackElo "2089"]
[PlyCount "81"]
[EventDate "2008.07.19"]

1. d4 d5 2. Nf3 Nc6 3. c4 Bg4 4. cxd5 Bxf3 5. dxc6 Bxc6 6. Nc3 e6 7. e4 Bb4 8.
f3 Qh4+ 9. g3 Qh5 10. Bf4 f5 11. Bg2 O-O-O 12. Qb3 Bxc3+ 13. bxc3 fxe4 14. fxe4
Nf6 15. O-O Kb8 16. Qc4 e5 17. Rab1 Ka8 18. Bf3 Qh3 19. Bg2 Qh5 20. Bf3 Qh3 21.
dxe5 Ng4 22. Qe2 h5 23. Qg2 Qxg2+ 24. Kxg2 Rhe8 25. Rfd1 Rxd1 26. Rxd1 b6 27.
Rd4 Nxe5 28. Bxh5 g6 29. Be2 Nf7 30. Kf2 Kb8 31. Bc4 Nd8 32. Bd5 Kb7 33. Bxc6+
Nxc6 34. Rd7 Ne5 35. Bxe5 Rxe5 36. Ke3 Ra5 37. Rd2 Ra3 38. Kd3 Kc6 39. Re2 Kd6
40. e5+ Ke6 41. Kc4 1-0

[Event "C.to Italiano Qualificazione"]
[Site "Saint Vincent - Chatillon ITA"]
[Date "2008.07.26"]
[Round "8"]
[White "Pegoraro, Nicola"]
[Black "Cornaggia, Ranieri"]
[Result "1/2-1/2"]
[WhiteElo "2021"]
[BlackElo "1788"]
[PlyCount "56"]
[EventDate "2008.07.19"]

1. e4 e5 2. Nc3 Nc6 3. f4 exf4 4. Nf3 d6 5. d4 g5 6. Bc4 g4 7. O-O gxf3 8. Qxf3
Be6 9. Bb5 a6 10. d5 axb5 11. dxe6 fxe6 12. Bxf4 Kd7 13. Nxb5 Be7 14. e5 d5 15.
Kh1 Bc5 16. Qh3 Nge7 17. Bh6 Qg8 18. Nc3 Nd4 19. Rad1 Ba7 20. Be3 c5 21. Bxd4
cxd4 22. Nb5 Nf5 23. Qa3 Qf8 24. Nd6 Bb6 25. Qb4 Ng3+ 26. hxg3 Qh6+ 27. Kg1
Qe3+ 28. Kh2 Qh6+ 1/2-1/2

[Event "C.to Italiano Qualificazione"]
[Site "Saint Vincent - Chatillon ITA"]
[Date "2008.07.26"]
[Round "8"]
[White "Rorato, Renzo"]
[Black "Caputi, Nicola"]
[Result "1-0"]
[WhiteElo "2078"]
[BlackElo "2012"]
[PlyCount "115"]
[EventDate "2008.07.19"]

1. Nf3 Nf6 2. c4 e6 3. g3 b6 4. Bg2 Bb7 5. O-O Be7 6. b3 c5 7. Bb2 O-O 8. d4
cxd4 9. Nbd2 d6 10. Nxd4 Bxg2 11. Kxg2 Qc8 12. e3 Qb7+ 13. Qf3 Qxf3+ 14. Kxf3
Rc8 15. Rac1 Nbd7 16. Rfd1 a6 17. h3 g6 18. e4 e5 19. Ne2 Nc5 20. Ba3 Nfd7 21.
Nc3 Bf8 22. Nf1 f5 23. Ne3 Ne6 24. Ned5 Nd4+ 25. Kg2 Rab8 26. f4 b5 27. fxe5
dxe5 28. Bxf8 Kxf8 29. Ne3 Kg7 30. cxb5 axb5 31. exf5 b4 32. Ncd5 gxf5 33. Rxc8
Rxc8 34. Nxb4 Nf8 35. Nc4 Nc6 36. Nxc6 Rxc6 37. Rd6 Rc5 38. a4 Kf7 39. a5 Ke7
40. a6 Rc7 41. Rb6 Nd7 42. Rh6 Nf6 43. g4 fxg4 44. hxg4 Ra7 45. g5 Rxa6 46.
gxf6+ Rxf6 47. Rxh7+ Ke6 48. Rc7 Rf8 49. Rc5 Rg8+ 50. Kf3 Rf8+ 51. Ke3 Rb8 52.
Rc6+ Kf5 53. Rb6 Rh8 54. Rb5 Rh3+ 55. Kd2 Kf4 56. Nxe5 Rh2+ 57. Kc3 Ke4 58. Nd3
1-0

[Event "C.to Italiano Qualificazione"]
[Site "Saint Vincent - Chatillon ITA"]
[Date "2008.07.26"]
[Round "8"]
[White "Rossi, Giampiero"]
[Black "Martinez, Guido"]
[Result "1/2-1/2"]
[WhiteElo "1996"]
[BlackElo "1942"]
[PlyCount "76"]
[EventDate "2008.07.19"]

1. d4 Nf6 2. c4 g6 3. g3 Bg7 4. Bg2 d5 5. cxd5 Nxd5 6. e4 Nb6 7. Ne2 Nc6 8. d5
Ne5 9. O-O O-O 10. Nbc3 Nec4 11. b3 Nd6 12. Bf4 Nd7 13. Rc1 a6 14. Qd2 f5 15.
Nd4 Nc5 16. e5 Nde4 17. Nxe4 Nxe4 18. Bxe4 fxe4 19. Ne2 Bh3 20. Rfe1 e3 21.
Bxe3 Bxe5 22. Bf4 Bd6 23. Bxd6 exd6 24. Nf4 Bf5 25. Rc3 Qd7 26. Rce3 Rae8 27.
Ng2 Rxe3 28. Qxe3 Qf7 29. Qd2 Re8 30. Rxe8+ Qxe8 31. Qe3 Qxe3 32. Nxe3 Bb1 33.
a3 Ba2 34. b4 g5 35. f4 gxf4 36. gxf4 Kg7 37. Kf2 Kf6 38. Kf3 Bb3 1/2-1/2

[Event "C.to Italiano Qualificazione"]
[Site "Saint Vincent - Chatillon ITA"]
[Date "2008.07.26"]
[Round "8"]
[White "Simeoni, Matteo"]
[Black "Marguerettaz, Davy"]
[Result "0-1"]
[WhiteElo "1995"]
[BlackElo "1987"]
[PlyCount "48"]
[EventDate "2008.07.19"]

1. e4 e5 2. Nf3 Nc6 3. Nc3 Nf6 4. d4 exd4 5. Nxd4 Bb4 6. Nxc6 bxc6 7. Bd3 d5 8.
exd5 cxd5 9. O-O O-O 10. Bg5 c6 11. Qf3 Be7 12. Rae1 h6 13. Bc1 Bd6 14. Bf5
Bxf5 15. Qxf5 Qd7 16. Qxd7 Nxd7 17. Rd1 f5 18. f3 Bc5+ 19. Kh1 Rae8 20. Bf4 Nb6
21. a3 Nc4 22. b4 Be3 23. Bg3 Nxa3 24. Ra1 Nxc2 0-1

[Event "C.to Italiano Qualificazione"]
[Site "Saint Vincent - Chatillon ITA"]
[Date "2008.07.26"]
[Round "8"]
[White "Tomio, Dante"]
[Black "Crea, Vincenzo"]
[Result "1-0"]
[WhiteElo "1968"]
[BlackElo "2030"]
[PlyCount "51"]
[EventDate "2008.07.19"]

1. d4 d5 2. Nf3 c6 3. Bg5 Nf6 4. c3 Bf5 5. e3 Qb6 6. Qc1 e6 7. Nbd2 Be7 8. Be2
h6 9. Bf4 O-O 10. Ne5 Nfd7 11. g4 Bh7 12. h4 f6 13. Nef3 c5 14. g5 hxg5 15.
hxg5 fxg5 16. Bxg5 Bf6 17. Rxh7 Kxh7 18. Qc2+ Kg8 19. O-O-O e5 20. dxe5 Nxe5
21. Nxe5 Bxe5 22. Nc4 Qe6 23. Rh1 Bf6 24. Qh7+ Kf7 25. Bh5+ Ke7 26. Qxg7+ 1-0

[Event "C.to Italiano Qualificazione"]
[Site "Saint Vincent - Chatillon ITA"]
[Date "2008.07.27"]
[Round "9"]
[White "Caputi, Nicola"]
[Black "Bussa, Paolo"]
[Result "1-0"]
[WhiteElo "2012"]
[BlackElo "1912"]
[PlyCount "59"]
[EventDate "2008.07.19"]

1. c4 Nf6 2. Nf3 e6 3. g3 d5 4. b3 Be7 5. Bg2 Nbd7 6. Bb2 b6 7. O-O Bb7 8. e3
O-O 9. Nc3 c5 10. Qe2 a6 11. Rac1 Rc8 12. Rfd1 Qc7 13. d3 Rfd8 14. Ba1 Qb8 15.
e4 d4 16. Nb1 Ng4 17. Nxd4 Nde5 18. Nc2 Bf6 19. f4 Nxd3 20. Rxd3 Rxd3 21. Qxd3
Rd8 22. Qe2 Bxa1 23. Nxa1 Qd6 24. Nc2 h5 25. h3 Nh6 26. e5 Qc7 27. Bxb7 Qxb7
28. Nc3 Nf5 29. Ne4 Qc6 30. Kh2 1-0

[Event "C.to Italiano Qualificazione"]
[Site "Saint Vincent - Chatillon ITA"]
[Date "2008.07.27"]
[Round "9"]
[White "Caresana, Alessandro"]
[Black "Tomio, Dante"]
[Result "1-0"]
[WhiteElo "2043"]
[BlackElo "1968"]
[PlyCount "89"]
[EventDate "2008.07.19"]

1. d4 Nf6 2. c4 g6 3. Nc3 Bg7 4. e4 d6 5. f3 c6 6. Be3 Na6 7. Bd3 Nc7 8. Nge2
a6 9. O-O O-O 10. Qd2 e5 11. d5 c5 12. a3 Rb8 13. b4 b6 14. Rfb1 Bd7 15. bxc5
bxc5 16. Rxb8 Qxb8 17. Rb1 Qc8 18. Qb2 Nfe8 19. Bc2 f5 20. Qb6 f4 21. Bf2 Qd8
22. Ba4 Bxa4 23. Nxa4 g5 24. Qc6 Rf6 25. Rb7 Rg6 26. h3 Bf8 27. Be1 Rg7 28. g4
Rf7 29. Ba5 Kh8 30. Kg2 Kg8 31. Ra7 Qb8 32. Rb7 Qd8 33. Nb6 Kh8 34. Ra7 Qf6 35.
Nd7 Qh6 36. Nxf8 Qxf8 37. Bxc7 Nxc7 38. Rxc7 Kg7 39. Rxf7+ Kxf7 40. Qxa6 Qb8
41. Qb5 Qc8 42. a4 h5 43. a5 hxg4 44. hxg4 Kg6 45. Qc6 1-0

[Event "C.to Italiano Qualificazione"]
[Site "Saint Vincent - Chatillon ITA"]
[Date "2008.07.27"]
[Round "9"]
[White "Castellano, Alfonso"]
[Black "Pegoraro, Nicola"]
[Result "1-0"]
[WhiteElo "1926"]
[BlackElo "2021"]
[PlyCount "97"]
[EventDate "2008.07.19"]

1. c4 f5 2. Nf3 Nf6 3. g3 e6 4. Bg2 d5 5. O-O Bd6 6. d3 O-O 7. b3 Qe7 8. Nc3 c6
9. e4 fxe4 10. dxe4 Bb4 11. Bb2 Bxc3 12. Bxc3 Nxe4 13. Bb2 Nd7 14. Qe2 a5 15.
Ne1 Nef6 16. Nd3 dxc4 17. bxc4 e5 18. Nxe5 Nxe5 19. Qxe5 Qxe5 20. Bxe5 Be6 21.
Rac1 Rfe8 22. Rfe1 Kf7 23. Bc7 Re7 24. Bb6 Ra6 25. Bc5 Rd7 26. Bf1 Rd2 27. Re2
Rxe2 28. Bxe2 Ne4 29. Be3 Ra8 30. Bd3 Nd6 31. Bc5 Ne8 32. Rb1 b5 33. cxb5 cxb5
34. Rxb5 Bxa2 35. Rb7+ Kg8 36. Be4 Rc8 37. Ba3 a4 38. Bb2 Rd8 39. Bc2 Ra8 40.
Ba3 Bd5 41. Rb4 Bc6 42. Rc4 Bb5 43. Rd4 Nf6 44. h4 Kf7 45. g4 g6 46. g5 Nd7 47.
Be4 Ra7 48. Bd5+ Kg7 49. Rf4 1-0

[Event "C.to Italiano Qualificazione"]
[Site "Saint Vincent - Chatillon ITA"]
[Date "2008.07.27"]
[Round "9"]
[White "Cavatorta, Fosco"]
[Black "Brioschi, Camillo"]
[Result "1-0"]
[WhiteElo "1921"]
[BlackElo "1929"]
[PlyCount "66"]
[EventDate "2008.07.19"]

1. Nf3 c5 2. e3 Nc6 3. d4 cxd4 4. exd4 d5 5. c3 e6 6. Bd3 Nf6 7. O-O Bd6 8. Qe2
O-O 9. Bg5 h6 10. Bh4 Be7 11. Nbd2 Nh5 12. Bxe7 Qxe7 13. Qe3 Nf6 14. h3 Bd7 15.
Ne5 Rfd8 16. g4 Be8 17. f4 Nxe5 18. fxe5 Nd7 19. Nf3 Nf8 20. Kh2 Ng6 21. Rg1
Rac8 22. Raf1 b5 23. Rf2 b4 24. cxb4 Qxb4 25. h4 Bb5 26. Bb1 Qe7 27. Kh3 Rc7
28. h5 Nh8 29. g5 hxg5 30. Nxg5 Rdc8 31. Nh7 Be8 32. Nf6+ Kf8 33. Qh6 Qxf6 1-0

[Event "C.to Italiano Qualificazione"]
[Site "Saint Vincent - Chatillon ITA"]
[Date "2008.07.27"]
[Round "9"]
[White "Cornaggia, Ranieri"]
[Black "Cardili, Mariano"]
[Result "0-1"]
[WhiteElo "1788"]
[BlackElo "2100"]
[PlyCount "70"]
[EventDate "2008.07.19"]

1. e4 c6 2. d4 d5 3. Nc3 dxe4 4. Nxe4 Bf5 5. Ng3 Bg6 6. f4 e6 7. Nf3 Nd7 8. c3
Ngf6 9. Be2 Qc7 10. O-O Bd6 11. Ne5 O-O 12. Bf3 Rad8 13. Qe2 c5 14. Be3 cxd4
15. cxd4 Nb6 16. Rac1 Qe7 17. Rfd1 Nbd5 18. a3 Rc8 19. h4 a6 20. h5 Bf5 21. Bd2
Bb8 22. Be4 Nxe4 23. Nxe4 Ba7 24. Nf3 Bg4 25. Be3 Bxh5 26. g3 Nxe3 27. Qxe3
Bxf3 28. Qxf3 Bxd4+ 29. Kg2 Bxb2 30. Rb1 Rc2+ 31. Nf2 Qxa3 32. Rd3 Qc5 33. Rbd1
g6 34. g4 Qc6 35. Qxc6 bxc6 0-1

[Event "C.to Italiano Qualificazione"]
[Site "Saint Vincent - Chatillon ITA"]
[Date "2008.07.27"]
[Round "9"]
[White "Crea, Vincenzo"]
[Black "Rossi, Giampiero"]
[Result "1/2-1/2"]
[WhiteElo "2030"]
[BlackElo "1996"]
[PlyCount "59"]
[EventDate "2008.07.19"]

1. d4 d5 2. Nf3 c6 3. c3 Bf5 4. Bf4 e6 5. e3 Nd7 6. h3 Qb6 7. Qb3 Qxb3 8. axb3
Bxb1 9. Rxb1 Ngf6 10. b4 a6 11. Bd3 Be7 12. Nd2 O-O 13. Ra1 Rfc8 14. O-O Ne8
15. Ra2 Bd6 16. Bxd6 Nxd6 17. Nb3 Rab8 18. Nc5 Nxc5 19. bxc5 Nb5 20. Rc1 Re8
21. b3 Re7 22. Bxb5 axb5 23. c4 bxc4 24. bxc4 f6 25. Ra7 Rd8 26. cxd5 Rxd5 27.
Rb1 Rdd7 28. Rb6 e5 29. dxe5 Rxe5 30. Rbxb7 1/2-1/2

[Event "C.to Italiano Qualificazione"]
[Site "Saint Vincent - Chatillon ITA"]
[Date "2008.07.27"]
[Round "9"]
[White "De Bortoli, Thomas"]
[Black "Vozza, Nicola"]
[Result "0-1"]
[WhiteElo "1805"]
[BlackElo "1993"]
[PlyCount "116"]
[EventDate "2008.07.19"]

1. e4 e6 2. d4 d5 3. exd5 exd5 4. Ne2 Bd6 5. Ng3 Qh4 6. Bb5+ c6 7. Be2 Nf6 8.
Nd2 Qxd4 9. c3 Qb6 10. Nf3 Bxg3 11. hxg3 Ne4 12. Qd4 Qxd4 13. Nxd4 O-O 14. Bf4
Re8 15. f3 Nc5 16. O-O-O Ne6 17. Nxe6 Bxe6 18. Bd3 h6 19. g4 f6 20. Bd6 Nd7 21.
Bg6 Bf7 22. Bf5 Ne5 23. f4 Nc4 24. Bc5 Be6 25. Bg6 Bxg4 26. Bxe8 Bxd1 27. Bxc6
bxc6 28. Rxd1 Re8 29. b3 Nb6 30. Rd2 f5 31. a4 Nc8 32. b4 Nb6 33. Ra2 g5 34. g3
Re1+ 35. Kd2 Rh1 36. Ke3 Nc4+ 37. Kf3 a6 38. Re2 Rc1 39. Bd4 Kf7 40. fxg5 hxg5
41. Rh2 g4+ 42. Kf4 Kg6 43. Re2 Rf1+ 44. Rf2 Rxf2+ 45. Bxf2 Kf6 46. Bd4+ Ke6
47. Kg5 Nd6 48. Kf4 Ne4 49. a5 Nf6 50. Bf2 d4 51. c4 Nh5+ 52. Kg5 d3 53. Be1
Nxg3 54. b5 Ne4+ 55. Kh4 cxb5 56. cxb5 Nc5 57. b6 Ke5 58. Bb4 Nb7 0-1

[Event "C.to Italiano Qualificazione"]
[Site "Saint Vincent - Chatillon ITA"]
[Date "2008.07.27"]
[Round "9"]
[White "Garvani, Vittorio"]
[Black "Iatrino, Vincenzo"]
[Result "1-0"]
[WhiteElo "1993"]
[BlackElo "1839"]
[PlyCount "77"]
[EventDate "2008.07.19"]

1. d4 e6 2. Nf3 Nf6 3. e3 b6 4. g3 Bb7 5. Bg2 Be7 6. O-O d6 7. c4 Nbd7 8. Nc3
O-O 9. b3 c5 10. Bb2 a6 11. Re1 Ne4 12. Qd3 f5 13. Nd2 d5 14. f3 Nxd2 15. Qxd2
dxc4 16. bxc4 Ne5 17. Qe2 cxd4 18. exd4 Qxd4+ 19. Kh1 Nd3 20. Nd1 Nxb2 21. Nxb2
Bf6 22. Rab1 e5 23. Red1 Qc5 24. Na4 Qc7 25. Nxb6 Rad8 26. Nd5 Bxd5 27. cxd5
Rd6 28. Rbc1 Qb7 29. Rc5 Rfd8 30. Qc4 Kf8 31. Bh3 g6 32. g4 f4 33. Rc7 Qb2 34.
g5 Qf2 35. Rf1 Qh4 36. Be6 Bxg5 37. Rf7+ Ke8 38. Qa4+ R8d7 39. Rxd7 1-0

[Event "C.to Italiano Qualificazione"]
[Site "Saint Vincent - Chatillon ITA"]
[Date "2008.07.27"]
[Round "9"]
[White "Innocenti, Luca"]
[Black "De Francisci, Luigi"]
[Result "1-0"]
[WhiteElo "2071"]
[BlackElo "1949"]
[PlyCount "49"]
[EventDate "2008.07.19"]

1. c4 b6 2. Nc3 Bb7 3. e4 e6 4. d3 c5 5. g3 Nc6 6. Nge2 a6 7. Bg2 Nge7 8. O-O
Ng6 9. f4 f5 10. Be3 Nge7 11. Qd2 g6 12. d4 cxd4 13. Nxd4 Bg7 14. e5 Na5 15. b3
Bxg2 16. Qxg2 Rb8 17. Rfd1 Qc7 18. Rac1 Kf7 19. Na4 Nc8 20. c5 Rd8 21. Nxb6
Nxb6 22. cxb6 Qxb6 23. Nxf5 Qb4 24. Nd6+ Kg8 25. Bc5 1-0

[Event "C.to Italiano Qualificazione"]
[Site "Saint Vincent - Chatillon ITA"]
[Date "2008.07.27"]
[Round "9"]
[White "Mazzetta, Renato"]
[Black "Chiarotto, Filippo"]
[Result "1/2-1/2"]
[WhiteElo "1919"]
[BlackElo "2096"]
[PlyCount "51"]
[EventDate "2008.07.19"]

1. e4 c5 2. Nc3 Nc6 3. g3 g6 4. Bg2 Bg7 5. d3 d6 6. h3 Nf6 7. Nge2 Be6 8. Be3
Qa5 9. O-O h5 10. f4 h4 11. f5 gxf5 12. exf5 Bd7 13. g4 O-O-O 14. a3 a6 15. b4
cxb4 16. axb4 Qxb4 17. Rf4 Bh6 18. Rxb4 Bxe3+ 19. Kf1 Nxb4 20. Qb1 Nc6 21. Na4
Kc7 22. c4 Rb8 23. d4 b5 24. cxb5 axb5 25. Qd3 bxa4 26. Qxe3 1/2-1/2

[Event "C.to Italiano Qualificazione"]
[Site "Saint Vincent - Chatillon ITA"]
[Date "2008.07.27"]
[Round "9"]
[White "Rorato, Renzo"]
[Black "Parodi, Alessandro"]
[Result "1/2-1/2"]
[WhiteElo "2078"]
[BlackElo "2053"]
[PlyCount "51"]
[EventDate "2008.07.19"]

1. Nf3 d6 2. d4 Nf6 3. c4 c5 4. Nc3 g6 5. e4 Bg7 6. Be2 O-O 7. O-O Nc6 8. d5
Na5 9. Bf4 b6 10. h3 Re8 11. e5 dxe5 12. Nxe5 Bd7 13. Bd3 Rc8 14. g4 Rf8 15.
Qe2 Ne8 16. Rad1 Nd6 17. Rfe1 Re8 18. b3 a6 19. Ne4 Bxe5 20. Bxe5 Nxe4 21. Qxe4
Nb7 22. Qf4 f6 23. Bc3 Nd6 24. Bxf6 Rf8 25. g5 Bxh3 26. Qg3 1/2-1/2

[Event "C.to Italiano Qualificazione"]
[Site "Saint Vincent - Chatillon ITA"]
[Date "2008.07.27"]
[Round "9"]
[White "Rotoni, Matteo"]
[Black "Marguerettaz, Davy"]
[Result "1-0"]
[WhiteElo "2089"]
[BlackElo "1987"]
[PlyCount "91"]
[EventDate "2008.07.19"]

1. e4 c6 2. d4 d5 3. e5 Bf5 4. Nf3 e6 5. Be2 c5 6. c3 Nc6 7. O-O Nge7 8. Be3
Qb6 9. Qd2 cxd4 10. cxd4 Ng6 11. Nc3 Bb4 12. a3 Bxc3 13. Qxc3 O-O 14. b4 Rac8
15. Qd2 Nb8 16. Rfc1 Nd7 17. Ne1 Ne7 18. a4 Nc6 19. b5 Na5 20. Qb4 Nc6 21. Qd6
Ncb8 22. Qa3 a5 23. Nd3 Bxd3 24. Bxd3 Rfe8 25. Rc3 Rxc3 26. Qxc3 Qd8 27. Rc1 b6
28. Bb1 Nf8 29. Qd2 Qd7 30. Qc2 Qd8 31. Qc3 Kh8 32. Rc2 Kg8 33. g3 Nbd7 34. h4
Nb8 35. Bc1 Nbd7 36. Ba3 Kh8 37. Qd3 Kg8 38. Bd6 Kh8 39. Rc6 Kg8 40. Bc7 Qe7
41. Bxb6 Nxb6 42. Rxb6 Rc8 43. Rc6 Rxc6 44. bxc6 Qc7 45. Qa6 g6 46. Bd3 1-0